Теоретические и методические основы поисков трещинных коллекторов нефти и газа

Библиографические подробности
Главный автор: Смехов Е. М. Евсей Максимович
Язык:русский
Опубликовано: Ленинград, Недра, 1974
Предметы:
Формат: Книга
Запись в KOHA:https://koha.lib.tpu.ru/cgi-bin/koha/opac-detail.pl?biblionumber=62782

MARC

LEADER 00000nam0a2200000 4500
001 62782
005 20231031063828.0
035 |a (RuTPU)RU\TPU\book\66598 
090 |a 62782 
100 |a 20040419d1974 km y0rusy50 ca 
101 0 |a rus 
102 |a RU 
105 |a a z 001zy 
200 1 |a Теоретические и методические основы поисков трещинных коллекторов нефти и газа  |f Е. М. Смехов 
210 |a Ленинград  |c Недра  |d 1974 
215 |a 199 с.  |c ил. 
320 |a Библиогр.: с. 186-198. 
610 1 |a нефть 
610 1 |a газ 
610 1 |a поиск 
610 1 |a теоретические основы 
610 1 |a методические основы 
610 1 |a методические основы 
610 1 |a коллекторы 
675 |a 553.98.08  |v 3 
700 1 |a Смехов  |b Е. М.  |g Евсей Максимович 
801 1 |a RU  |b 63413507  |c 20040419  |g PSBO 
801 2 |a RU  |b 63413507  |c 20210227  |g PSBO 
942 |c BK